The Arthashastra (Record no. 183343)

MARC details
000 -LEADER
fixed length control field 00440nam a2200193Ia 4500
008 - FIXED-LENGTH DATA ELEMENTS--GENERAL INFORMATION
fixed length control field 240823s9999||||xx |||||||||||||| ||und||
020 ## - INTERNATIONAL STANDARD BOOK NUMBER
International Standard Book Number 978-0-14-044603-6
082 ## - DEWEY DECIMAL CLASSIFICATION NUMBER
-- 320.119 N7
100 ## - MAIN ENTRY--PERSONAL NAME
Personal name Kautilya
245 #4 - TITLE STATEMENT
Title The Arthashastra
250 ## - EDITION STATEMENT
Edition statement 1st
260 ## - PUBLICATION, DISTRIBUTION, ETC. (IMPRINT)
Date of publication, distribution, etc 1992
Name of publisher, distributor, etc "Penguin Books,En"
500 ## - GENERAL NOTE
General note YES
650 ## - SUBJECT ADDED ENTRY--TOPICAL TERM
Topical term or geographic name as entry element Arthashastra
942 ## - ADDED ENTRY ELEMENTS (KOHA)
Item type Books
Holdings
Withdrawn status Lost status Damaged status Permanent location Current location Shelving location Date acquired Source of acquisition Cost, normal purchase price Full call number Barcode Date last seen Koha item type
      CENTRAL LIBRARY, NOORUL ISLAM CENTRE FOR HIGHER EDUCATION CENTRAL LIBRARY, NOORUL ISLAM CENTRE FOR HIGHER EDUCATION   03/03/2010 Global Book Syndicate 599.00 320.119 N7 36275 08/23/2024 Books
Visitors:
Copyright © 2024 Central Library NICHE.  All rights reserved.